000 00366nam a2200145Ia 4500
008 240624s9999 xx 000 0 und d
041 _aeng
082 _a336.2 SIN
100 _aSINGHANIA VINOD K
245 _aDIRECT TAXES LAW AND PRACTICE
250 _a(40th ed.)
260 _c2009
_aNew Delhi
_bTaxmann
300 _ai-29, : 1444 : p. : cm. ; 23
365 _cRS
999 _c13221
_d13221